| 000 | 00542nam a2200217 a 4500 | ||
|---|---|---|---|
| 999 |
_c7098 _d7098 |
||
| 001 | 7098 | ||
| 003 | BD-JhCC | ||
| 005 | 20180205095024.0 | ||
| 008 | 180205s1963 e a|||| || | 000 0 eng d | ||
| 035 | _a(BD-JhCC)7098 | ||
| 040 |
_aBD-JhCC _dBD-JhCC |
||
| 041 | _aeng | ||
| 082 |
_a820.8 _bARG 1963 |
||
| 245 |
_aArgosy Book Four / _cJ. Compton |
||
| 260 |
_aLondon : _bGinn and Company Ltd, _c1963 |
||
| 300 |
_a224 p. : _c20 cm. |
||
| 650 | _aEnglish Literature | ||
| 700 | _aCompton, J. (Edited) | ||
| 942 |
_2ddc _cBK |
||